000 00270nam a2200121Ia 4500
008 190216s9999||||xx |||||||||||||| ||und||
100 _aVasudevan Nair M T
245 0 _aManju
260 _bPoorna Pubs Kozhikode
_c1995
300 _a107
650 _aNovel
942 _cBK
999 _c26186
_d26186